000 00572nam a2200217Ia 4500
005 20241129120240.0
008 241129s9999||||xx |||||||||||||| ||und||
020 _a9788126704989
037 _aTB
040 _aSDCL
_beng
_cSDCL
041 _ahin
_2hin
084 _aO152,3N27x, P2
_qSDCL
100 _aVaid Krishna Baldev
245 0 _a'Badchalan' Beevion Ka Dweep
260 _aDelhi
_bRajkamal Prakashan India
_c2002
300 _a158p.
365 _aINR
_b150
650 _aHindi
942 _cTB
_hO152,3N27x, P2
999 _c1234002
_d1234002